Toutes les cartes FUT de Manchester City sur EA FC 24 - Statistiques

Statistiques générales
  • Ce quiz a été pris 105 fois
  • Le résultat moyen est 31 sur 57
Statistiques - réponses
Hint Réponse % Correct
Ederson
91%
Walker
79%
Haaland
75%
Gvardiol
74%
Haaland
74%
Haaland
74%
Akanji
73%
Aké
73%
Cancelo
73%
Haaland
73%
Haaland
73%
Stones
73%
Ortega
71%
Gvardiol
70%
Rodri
70%
Alvarez
69%
Alvarez
69%
De Bruyne
69%
De Bruyne
69%
De Bruyne
69%
Grealish
68%
Rodri
68%
Rodri
68%
Ruben Dias
68%
Alvarez
66%
Doku
66%
Doku
66%
Grealish
66%
Kovacic
66%
Ruben Dias
66%
Doku
65%
Grealish
65%
Silva
65%
Silva
65%
Doku
64%
Walker
62%
Foden
61%
Foden
58%
Foden
58%
Lewis
58%
G Carson
49%
Phillips
47%
Phillips
44%
Steffen
44%
Bobb
40%
Sergio Gomez
38%
Matheus Nunes
35%
Stones
32%
Palmer
17%
McAtee
9%
Harwood-Bellis
8%
Mbete
6%
Fiorini
5%
Tedic
5%
Knight
4%
Sarmiento
4%
Doyle
3%
Aucun quiz correspondant
Distribution des résultats
% des personnes avec chaque résultat
Percentile par nombre de réponses
Votre historique - résultats
Vous n’avez pas pris ce quiz